The Ultimate Caseoh Quiz - Statistics

General Stats
  • This quiz has been taken 45 times
  • The average score is 8 of 24
Answer Stats
Hint Answer % Correct
State Arkansas
87%
Cat's name Kitty
84%
What year was he presented "The Gamer of the Year" award? 2024
82%
Nationality American
79%
Year of Birth 1998
74%
Restaurant of that previous food Taco Bell
55%
Favourite colour Yellow
55%
Favourite food Steakhouse Burrito
53%
Height* 6'2
45%
Nickname 1x1 Lego Piece
34%
Weight in lbs 120
26%
First game played on stream NBA 2K
26%
When did Caseoh start streaming?(month and year) September 2022
26%
Occupation Twitch Streamer
24%
Other Cat's name Jinx
16%
Occupation YouTuber
16%
Other other cat's name Morris
8%
Date of Birth 9 May
5%
Nickname Waffle House Destroyer
5%
Nickname 50 Shades of Gravy
3%
Mule's name Jack
3%
Nickname One Digestion
3%
Occupation Professional Eater
3%
Nickname The man who out pizza the pizza hut
3%
No matching quizzes found
Score Distribution
Percent of People with Each Score
Percentile by Number Answered
Your Score History
You have not taken this quiz